[Event "37. Open Barberá del Vallés 2014"]
[Site "Barberá del Vallés ESP"]
[Date "2014.07.04"]
[Round "1.27"]
[White "Castillo Escario, Yolanda"]
[Black "Hernando Rodrigo, Julio Antoni"]
[Result "0-1"]
[WhiteElo "2029"]
[BlackElo "2332"]
[PlyCount "66"]
[EventDate "2014.07.04"]
[EventType "swiss"]
[EventRounds "9"]
[EventCountry "ESP"]
[Source "lmi"]
[SourceDate "2014.07.04"]

1. e4 e6 2. d4 d5 3. Nd2 c5 4. exd5 exd5 5. Ngf3 Nc6 6. Bb5 Bd6 7. dxc5 Bxc5 8.
O-O Nge7 9. Nb3 Bd6 10. Re1 O-O 11. Bg5 Bg4 12. c3 h6 13. Bh4 a6 14. Be2 Qc7
15. Bg3 Rad8 16. Nfd4 Bc8 17. Qc2 Ne5 18. h3 N5g6 19. Bxd6 Rxd6 20. Bd3 Rf6 21.
Re3 Nf4 22. Rae1 Neg6 23. Ne2 Nxg2 24. Kxg2 Nh4+ 25. Kg1 Rxf2 26. Bh7+ Kh8 27.
Ng3 Rxc2 28. Bxc2 Bxh3 29. Kh2 Bf5 30. Bd1 Be4 31. Nd4 Qf4 32. R3e2 Nf3+ 33.
Nxf3 Bxf3 0-1

[Event "37. Open Barberá del Vallés 2014"]
[Site "Barberá del Vallés ESP"]
[Date "2014.07.04"]
[Round "1.28"]
[White "Radovanovic, Jovica"]
[Black "Basas Gamazo, Josep"]
[Result "1/2-1/2"]
[WhiteElo "2330"]
[BlackElo "2001"]
[PlyCount "123"]
[EventDate "2014.07.04"]
[EventType "swiss"]
[EventRounds "9"]
[EventCountry "ESP"]
[Source "lmi"]
[SourceDate "2014.07.04"]

1. Nf3 Nf6 2. d4 g6 3. c4 Bg7 4. Nc3 O-O 5. e4 d6 6. Be2 e5 7. d5 Nbd7 8. Bg5
h6 9. Bh4 g5 10. Bg3 Nc5 11. Nd2 a5 12. O-O Ne8 13. Nb3 b6 14. Nxc5 bxc5 15.
Qc2 f5 16. exf5 Bxf5 17. Bd3 Bxd3 18. Qxd3 Qd7 19. Rae1 Qf5 20. Qxf5 Rxf5 21.
Re2 Rf7 22. Ne4 Nf6 23. Nxf6+ Bxf6 24. Rc1 Rff8 25. f3 Rfb8 26. Rcc2 a4 27. Be1
Kf7 28. g4 Rb6 29. Bc3 Kg6 30. Kg2 Rbb8 31. Re4 Rh8 32. Bd2 Rh7 33. Be1 Rhh8
34. Kf1 Rhb8 35. Ke2 Rh8 36. Kd1 Kf7 37. Rc3 Rhb8 38. Kc1 Ke8 39. Ra3 Kd7 40.
Kb1 Rb6 41. Kc1 Rbb8 42. Bc3 c6 43. dxc6+ Kxc6 44. b3 axb3 45. Rxa8 Rxa8 46.
axb3 h5 47. gxh5 Rh8 48. Be1 Rxh5 49. Bg3 Rh8 50. Kc2 Ra8 51. Kb1 Rf8 52. Re3
Ra8 53. Kc2 Ra3 54. Kb2 Ra8 55. Kb1 Ra3 56. Kb2 Ra8 57. Kb1 Kd7 58. Re2 Rb8 59.
Kc2 Ra8 60. Kb1 Ra3 61. Kb2 Ra8 62. Kb1 1/2-1/2

[Event "37. Open Barberá del Vallés 2014"]
[Site "Barberá del Vallés ESP"]
[Date "2014.07.04"]
[Round "1.29"]
[White "Nadal Fajardo, Ricard"]
[Black "Martinez Ramirez, Erik"]
[Result "0-1"]
[WhiteElo "1999"]
[BlackElo "2324"]
[PlyCount "54"]
[EventDate "2014.07.04"]
[EventType "swiss"]
[EventRounds "9"]
[EventCountry "ESP"]
[Source "lmi"]
[SourceDate "2014.07.04"]

1. e4 c5 2. Nf3 e6 3. d4 cxd4 4. Nxd4 a6 5. Nc3 b5 6. a3 Bb7 7. Be3 d6 8. Bd3
Nf6 9. O-O Be7 10. f4 Nbd7 11. Qe2 Qc7 12. Kh1 h5 13. Bg1 h4 14. h3 Nh5 15. Bh2
Ng3+ 16. Bxg3 hxg3 17. Qg4 Bf6 18. Nde2 O-O-O 19. Qxg3 Rdg8 20. f5 g5 21. fxe6
fxe6 22. Qg4 Re8 23. Ng1 Ne5 24. Qg3 Qg7 25. Nf3 g4 26. Ng1 Reg8 27. Nce2 Bh4
0-1

[Event "37. Open Barberá del Vallés 2014"]
[Site "Barberá del Vallés ESP"]
[Date "2014.07.04"]
[Round "1.30"]
[White "Leroy, Didier"]
[Black "Masferrer Niubo, Enric"]
[Result "1-0"]
[WhiteElo "2319"]
[BlackElo "1996"]
[PlyCount "63"]
[EventDate "2014.07.04"]
[EventType "swiss"]
[EventRounds "9"]
[EventCountry "ESP"]
[Source "lmi"]
[SourceDate "2014.07.04"]

1. d4 Nf6 2. c4 g6 3. Nc3 Bg7 4. e4 d6 5. Bd3 e5 6. Nge2 O-O 7. Bc2 Nc6 8. d5
Nb4 9. f3 Nxc2+ 10. Qxc2 Nd7 11. O-O a5 12. Be3 f5 13. a3 f4 14. Bf2 b6 15. b4
Bf6 16. Nb5 Be7 17. Rab1 Rf7 18. Nc1 axb4 19. axb4 Ba6 20. Nd3 Bxb5 21. cxb5
Ra7 22. Qc6 Nf6 23. Ra1 Qb8 24. Ra6 Rxa6 25. bxa6 Qa7 26. Qb7 Qxb7 27. axb7 Rf8
28. Rc1 Rb8 29. Rxc7 Kf7 30. Bh4 h6 31. Bxf6 Kxf6 32. b5 1-0

[Event "37. Open Barberá del Vallés 2014"]
[Site "Barberá del Vallés ESP"]
[Date "2014.07.04"]
[Round "1.31"]
[White "Simon Del Sol, Jaume"]
[Black "Gurevich, Daniel"]
[Result "0-1"]
[WhiteElo "1986"]
[BlackElo "2317"]
[PlyCount "37"]
[EventDate "2014.07.04"]
[EventType "swiss"]
[EventRounds "9"]
[EventCountry "ESP"]
[Source "lmi"]
[SourceDate "2014.07.04"]

1. Nf3 g6 2. g3 Bg7 3. Bg2 d6 4. d4 Nf6 5. O-O O-O 6. Bf4 Re8 7. Nc3 Bg4 8. Re1
Qc8 9. Qd2 Nbd7 10. Bh6 Bh8 11. Ng5 Nb6 12. h3 Bd7 13. b3 e5 14. d5 c5 15. a4
Qd8 16. e4 Nc8 17. Qe2 Ne7 18. Qf3 Qa5 19. Nd1 0-1

[Event "37. Open Barberá del Vallés 2014"]
[Site "Barberá del Vallés ESP"]
[Date "2014.07.04"]
[Round "1.32"]
[White "Sagar, Shah"]
[Black "Castells Briones, Miquel"]
[Result "1-0"]
[WhiteElo "2314"]
[BlackElo "1979"]
[PlyCount "55"]
[EventDate "2014.07.04"]
[EventType "swiss"]
[EventRounds "9"]
[EventCountry "ESP"]
[Source "lmi"]
[SourceDate "2014.07.04"]

1. d4 Nf6 2. c4 e6 3. Nc3 Bb4 4. e3 b6 5. Nge2 Bb7 6. a3 Be7 7. d5 a5 8. e4 d6
9. Nd4 exd5 10. cxd5 O-O 11. Bb5 Nfd7 12. O-O Bf6 13. Be3 Nc5 14. Qc2 Ba6 15.
b4 Bxb5 16. Ncxb5 axb4 17. axb4 Rxa1 18. Rxa1 Nca6 19. Ra4 Re8 20. Nc6 Qd7 21.
f3 Nxc6 22. dxc6 Qc8 23. Na7 Nxb4 24. Rxb4 Qe6 25. Nb5 Qe7 26. Nc3 Qe5 27. Nd5
Bd8 28. Qc3 1-0

[Event "37. Open Barberá del Vallés 2014"]
[Site "Barberá del Vallés ESP"]
[Date "2014.07.04"]
[Round "1.33"]
[White "Estepa-Fonseca, Omar Maria"]
[Black "Vehi Bach, Victor Manuel"]
[Result "0-1"]
[WhiteElo "1978"]
[BlackElo "2313"]
[PlyCount "104"]
[EventDate "2014.07.04"]
[EventType "swiss"]
[EventRounds "9"]
[EventCountry "ESP"]
[Source "lmi"]
[SourceDate "2014.07.04"]

1. d4 Nf6 2. c4 e6 3. g3 d5 4. Bg2 a6 5. Nf3 dxc4 6. O-O Nc6 7. Nc3 Nd5 8. e4
Nxc3 9. bxc3 Be7 10. Qe2 b5 11. Bf4 O-O 12. Rfd1 Bb7 13. h4 Nb8 14. Ng5 Nd7 15.
e5 Bxg2 16. Kxg2 h6 17. Qh5 Qe8 18. Rh1 Nb6 19. Qg4 Qc6+ 20. f3 Nd5 21. Bd2 Qe8
22. Qe4 g6 23. h5 Bxg5 24. hxg6 f5 25. exf6 Nxf6 26. Qc2 Kg7 27. f4 Qxg6 28.
Qxg6+ Kxg6 29. fxg5 hxg5 30. Rae1 Rae8 31. Re5 Nh7 32. g4 c6 33. Rh5 Nf6 34.
Rhxg5+ Kf7 35. Re2 Rg8 36. Kg3 Rxg5 37. Bxg5 Rg8 38. Bxf6 Kxf6 39. Rh2 a5 40.
Rh7 Rb8 41. a3 b4 42. axb4 axb4 43. cxb4 Rxb4 44. Rc7 Rb6 45. Kf3 Ra6 46. Rc8
Ke7 47. Rc7+ Kd6 48. Rc8 Ra1 49. g5 Rf1+ 50. Kg4 c3 51. g6 c2 52. g7 c1=Q 0-1

[Event "37. Open Barberá del Vallés 2014"]
[Site "Barberá del Vallés ESP"]
[Date "2014.07.04"]
[Round "1.34"]
[White "Martinez Alcantara, Jose Eduar"]
[Black "Garcia Ramos, Daniel"]
[Result "1-0"]
[WhiteElo "2295"]
[BlackElo "1975"]
[PlyCount "75"]
[EventDate "2014.07.04"]
[EventType "swiss"]
[EventRounds "9"]
[EventCountry "ESP"]
[Source "lmi"]
[SourceDate "2014.07.04"]

1. c4 f5 2. Nc3 Nf6 3. g3 e5 4. Nf3 Nc6 5. d4 e4 6. Nh4 d6 7. Bg5 Be7 8. e3 O-O
9. Ng2 h6 10. Bxf6 Bxf6 11. h4 Ne7 12. Nf4 c5 13. Nh5 Nc6 14. Nxf6+ Qxf6 15.
Nd5 Qd8 16. Qd2 Be6 17. Nf4 Bf7 18. Be2 Qf6 19. Rd1 a6 20. a3 Rab8 21. b4 b5
22. Nd5 Qd8 23. cxb5 Bxd5 24. dxc5 Ne7 25. cxd6 Qxd6 26. bxa6 Qb6 27. Qd4 Qxd4
28. Rxd4 Bc6 29. O-O Nc8 30. Ra1 Ba4 31. Rc1 Nb6 32. Rd6 Nd7 33. b5 Rxb5 34.
Bxb5 Bxb5 35. Rd5 Ba4 36. Rd4 Nb6 37. Rb4 Rf6 38. a7 1-0

[Event "37. Open Barberá del Vallés 2014"]
[Site "Barberá del Vallés ESP"]
[Date "2014.07.04"]
[Round "1.35"]
[White "Ventura Bolet, Alexandre"]
[Black "Perez Manas, Benjamin"]
[Result "0-1"]
[WhiteElo "1949"]
[BlackElo "2290"]
[PlyCount "74"]
[EventDate "2014.07.04"]
[EventType "swiss"]
[EventRounds "9"]
[EventCountry "ESP"]
[Source "lmi"]
[SourceDate "2014.07.04"]

1. e4 c6 2. d4 d5 3. exd5 cxd5 4. c4 Nf6 5. Nc3 Nc6 6. Nf3 Bg4 7. cxd5 Nxd5 8.
Qb3 Bxf3 9. gxf3 e6 10. Qxb7 Nxd4 11. Bb5+ Nxb5 12. Qc6+ Ke7 13. Qxb5 Qd7 14.
Nxd5+ Qxd5 15. Qxd5 exd5 16. Be3 Ke6 17. Rc1 Bb4+ 18. Ke2 Rhc8 19. Kd3 a6 20.
h4 h5 21. a3 Be7 22. Bd4 Rxc1 23. Rxc1 g6 24. Rc6+ Kd7 25. Rb6 Bxh4 26. Rb7+
Ke8 27. Ke3 Bd8 28. Kf4 Rc8 29. Ke5 h4 30. Kxd5 Bc7 31. Rb3 h3 32. f4 h2 33.
Rh3 Bxf4 34. Be5 Bxe5 35. Kxe5 Rc5+ 36. Kd6 Rh5 37. Rc3 Kf8 0-1

[Event "37. Open Barberá del Vallés 2014"]
[Site "Barberá del Vallés ESP"]
[Date "2014.07.04"]
[Round "1.36"]
[White "Ryan, Joseph"]
[Black "Colom Andres, Xavier"]
[Result "1-0"]
[WhiteElo "2285"]
[BlackElo "1905"]
[PlyCount "83"]
[EventDate "2014.07.04"]
[EventType "swiss"]
[EventRounds "9"]
[EventCountry "ESP"]
[Source "lmi"]
[SourceDate "2014.07.04"]

1. Nf3 d5 2. g3 c6 3. Bg2 Bg4 4. O-O Nd7 5. d3 e6 6. Nbd2 Bd6 7. b3 Ne7 8. Bb2
O-O 9. Qe1 Qc7 10. e4 Ne5 11. Nxe5 Bxe5 12. Bxe5 Qxe5 13. f4 Qc3 14. h3 Bh5 15.
g4 Bg6 16. f5 exf5 17. exf5 Rae8 18. Qd1 h6 19. fxg6 Nxg6 20. Nf3 Re6 21. Qd2
Qc5+ 22. Qf2 Qc3 23. Nd4 Re7 24. Nf5 Re6 25. Rae1 Rxe1 26. Rxe1 Nf4 27. Rf1 Ne6
28. a4 a6 29. h4 Qb4 30. Bh3 a5 31. Kh2 Qc5 32. Qxc5 Nxc5 33. Re1 Ne6 34. Kg3
Rd8 35. Bf1 Kh7 36. c3 g6 37. Nd4 Nxd4 38. cxd4 Kg7 39. Re7 Rb8 40. g5 hxg5 41.
hxg5 Kf8 42. Rc7 1-0

[Event "37. Open Barberá del Vallés 2014"]
[Site "Barberá del Vallés ESP"]
[Date "2014.07.04"]
[Round "1.37"]
[White "Martinez Pla, Xavier"]
[Black "Bas Mas, Jose Joaquin"]
[Result "1/2-1/2"]
[WhiteElo "1881"]
[BlackElo "2278"]
[PlyCount "63"]
[EventDate "2014.07.04"]
[EventType "swiss"]
[EventRounds "9"]
[EventCountry "ESP"]
[Source "lmi"]
[SourceDate "2014.07.04"]

1. e4 e6 2. d4 d5 3. Nc3 Nc6 4. Nf3 Nf6 5. exd5 Nxd5 6. Nxd5 exd5 7. h3 Bf5 8.
Bd3 Qd7 9. O-O O-O-O 10. c3 Bd6 11. Bxf5 Qxf5 12. b4 f6 13. Be3 g5 14. Qa4 g4
15. Nh4 Qh5 16. g3 gxh3 17. Qd1 Qe8 18. Qg4+ Kb8 19. Nf5 h5 20. Qxh3 Qd7 21.
Kg2 Rdg8 22. Nh6 Qxh3+ 23. Kxh3 Re8 24. Nf5 Kc8 25. Rae1 Ne7 26. Nh4 Kd7 27.
Re2 Reg8 28. Rfe1 Rh7 29. Bd2 Rg4 30. Re6 Rf7 31. R1e2 a6 32. Re1 1/2-1/2

[Event "37. Open Barberá del Vallés 2014"]
[Site "Barberá del Vallés ESP"]
[Date "2014.07.04"]
[Round "1.38"]
[White "Larsen, Karsten"]
[Black "Jimenez Ruano, Adrian"]
[Result "1-0"]
[WhiteElo "2265"]
[BlackElo "1851"]
[PlyCount "51"]
[EventDate "2014.07.04"]
[EventType "swiss"]
[EventRounds "9"]
[EventCountry "ESP"]
[Source "lmi"]
[SourceDate "2014.07.04"]

1. e4 c5 2. Nf3 a6 3. g3 Nc6 4. Bg2 g6 5. O-O Bg7 6. c3 e6 7. d4 cxd4 8. cxd4
d5 9. e5 Nge7 10. Nc3 O-O 11. Bf4 b5 12. Qd2 Re8 13. h4 Qb6 14. Rad1 Bd7 15.
Bh6 Bh8 16. Qf4 Nf5 17. Bg5 h5 18. Bh3 Na5 19. Bxf5 exf5 20. Nxd5 Qb7 21. Nf6+
Bxf6 22. Bxf6 Kh7 23. d5 Nc4 24. b3 Nb6 25. Ng5+ Kg8 26. Ne4 1-0

[Event "37. Open Barberá del Vallés 2014"]
[Site "Barberá del Vallés ESP"]
[Date "2014.07.04"]
[Round "1.39"]
[White "Tadevosyan, Galust"]
[Black "Ramirez Garcia, Jorge Alberto"]
[Result "0-1"]
[WhiteElo "1843"]
[BlackElo "2260"]
[PlyCount "66"]
[EventDate "2014.07.04"]
[EventType "swiss"]
[EventRounds "9"]
[EventCountry "ESP"]
[Source "lmi"]
[SourceDate "2014.07.04"]

1. e4 e6 2. d4 d5 3. Nc3 Nf6 4. Bg5 dxe4 5. Nxe4 Nbd7 6. Nf3 Be7 7. Bd3 Nxe4 8.
Bxe7 Qxe7 9. Bxe4 Nf6 10. Qe2 Nxe4 11. Qxe4 Qb4+ 12. c3 Qxb2 13. O-O Qxc3 14.
Qe5 O-O 15. Rfc1 Qb2 16. Qxc7 b6 17. Rab1 Qa3 18. Rb3 Qa4 19. Ne5 Qxd4 20. Re1
Qd2 21. Ra1 Ba6 22. h3 Qd8 23. Rc3 Qxc7 24. Rxc7 f6 25. Rd1 fxe5 26. Rdd7 Kh8
27. Rxg7 Bd3 28. g4 b5 29. Rgd7 Be4 30. g5 Rf3 31. Kh2 Rxf2+ 32. Kg3 Rg2+ 33.
Kh4 Bg6 0-1

[Event "37. Open Barberá del Vallés 2014"]
[Site "Barberá del Vallés ESP"]
[Date "2014.07.04"]
[Round "1.40"]
[White "Canal Oliveras, Joan"]
[Black "Bekker, Gary"]
[Result "1-0"]
[WhiteElo "2250"]
[BlackElo "1820"]
[PlyCount "45"]
[EventDate "2014.07.04"]
[EventType "swiss"]
[EventRounds "9"]
[EventCountry "ESP"]
[Source "lmi"]
[SourceDate "2014.07.04"]

1. e4 e5 2. f4 exf4 3. Bc4 Qh4+ 4. Kf1 g5 5. Nf3 Qh5 6. h4 Bg7 7. g4 fxg3 8.
Kg2 g4 9. Ng5 Nh6 10. d4 Nc6 11. Be3 d6 12. Nc3 Ne7 13. Qd2 c6 14. Ne2 Qg6 15.
h5 Qf6 16. Raf1 Nhf5 17. exf5 d5 18. h6 Bxh6 19. Bd3 Bxg5 20. Bxg5 Qd6 21. Bf4
Qd7 22. Be5 Rg8 23. Nxg3 1-0

[Event "37. Open Barberá del Vallés 2014"]
[Site "Barberá del Vallés ESP"]
[Date "2014.07.04"]
[Round "1.41"]
[White "Orteu Capdevila, Max"]
[Black "Herrera Reyes, Jose Antonio"]
[Result "0-1"]
[WhiteElo "1808"]
[BlackElo "2239"]
[PlyCount "60"]
[EventDate "2014.07.04"]
[EventType "swiss"]
[EventRounds "9"]
[EventCountry "ESP"]
[Source "lmi"]
[SourceDate "2014.07.04"]

1. e4 c5 2. Nf3 e6 3. d4 cxd4 4. Nxd4 a6 5. Nc3 Qc7 6. Bd3 Nf6 7. Be3 Be7 8.
O-O O-O 9. f4 d6 10. g4 g6 11. g5 Nfd7 12. f5 Ne5 13. f6 Bd8 14. Qe1 b5 15. Qh4
h5 16. gxh6 Kh7 17. Nf3 Nxf3+ 18. Rxf3 Nd7 19. Nd1 Bb7 20. Rf1 Rc8 21. Bg5 Qc5+
22. Kh1 d5 23. Nf2 Bb6 24. Rae1 Qb4 25. Nh3 dxe4 26. Bxe4 Rc4 27. Bc1 Nc5 28.
Ng5+ Kh8 29. c3 Nxe4 30. Nf3 Nf2+ 0-1

[Event "37. Open Barberá del Vallés 2014"]
[Site "Barberá del Vallés ESP"]
[Date "2014.07.04"]
[Round "1.42"]
[White "Diaz Camallonga, Carles"]
[Black "Clanchet Olle, Josep"]
[Result "1-0"]
[WhiteElo "2235"]
[BlackElo "1736"]
[PlyCount "59"]
[EventDate "2014.07.04"]
[EventType "swiss"]
[EventRounds "9"]
[EventCountry "ESP"]
[Source "lmi"]
[SourceDate "2014.07.04"]

1. e4 e5 2. Nf3 Nc6 3. Bb5 Nf6 4. d3 Bc5 5. O-O d6 6. h3 Be6 7. c3 a6 8. Ba4 b5
9. Bc2 d5 10. d4 dxe4 11. Nxe5 Nxe5 12. dxe5 Nd5 13. Bxe4 Qd7 14. Nd2 Rd8 15.
Nb3 Bb6 16. Bg5 Rc8 17. Nd4 Bxd4 18. Qxd4 c5 19. Qd2 Ne7 20. Qxd7+ Bxd7 21.
Rad1 Bc6 22. Bc2 h6 23. Bh4 g5 24. Bg3 O-O 25. Rd6 Kg7 26. Rfd1 f5 27. exf6+
Rxf6 28. Be5 Rcf8 29. Rxf6 Rxf6 30. Rd6 1-0

[Event "37. Open Barberá del Vallés 2014"]
[Site "Barberá del Vallés ESP"]
[Date "2014.07.04"]
[Round "1.43"]
[White "Las Heras Aixandri, Guillem"]
[Black "Dalo, Hermes"]
[Result "0-1"]
[WhiteElo "1646"]
[BlackElo "2226"]
[PlyCount "72"]
[EventDate "2014.07.04"]
[EventType "swiss"]
[EventRounds "9"]
[EventCountry "ESP"]
[Source "lmi"]
[SourceDate "2014.07.04"]

1. Nf3 Nf6 2. g3 g6 3. b4 Bg7 4. Bb2 O-O 5. c4 d6 6. Bg2 e5 7. O-O Nbd7 8. Nc3
Re8 9. e3 Nf8 10. d3 h6 11. h3 Be6 12. Qe2 Qb8 13. Kh2 g5 14. g4 c6 15. Rac1
Qc7 16. Rfd1 Rac8 17. d4 exd4 18. Nxd4 Bd7 19. b5 Ng6 20. bxc6 bxc6 21. Qd2 Nh4
22. Bh1 h5 23. e4 Nh7 24. Nf5 Nxf5 25. exf5 Be5+ 26. Kg1 hxg4 27. c5 Bxf5 28.
cxd6 Qd7 29. hxg4 Bxg4 30. Ne4 Bxd1 31. Nf6+ Bxf6 32. Bxf6 Qg4+ 33. Kh2 Nxf6
34. Rc4 Qh5+ 35. Kg2 Ng4 36. f3 Re2+ 0-1

[Event "37. Open Barberá del Vallés 2014"]
[Site "Barberá del Vallés ESP"]
[Date "2014.07.05"]
[Round "2.1"]
[White "Peralta, Fernando"]
[Black "Sardana, Rishi"]
[Result "1-0"]
[WhiteElo "2596"]
[BlackElo "2363"]
[PlyCount "55"]
[EventDate "2014.07.04"]
[EventType "swiss"]
[EventRounds "9"]
[EventCountry "ESP"]
[Source "lmi"]
[SourceDate "2014.07.04"]

1. Nf3 d5 2. c4 c6 3. d4 Nf6 4. Nc3 e6 5. e3 Nbd7 6. Qc2 Bd6 7. Bd3 O-O 8. O-O
dxc4 9. Bxc4 e5 10. h3 h6 11. Rd1 Qc7 12. b3 exd4 13. Nxd4 Nb6 14. Be2 Qe7 15.
Bb2 Nbd5 16. Nxd5 Nxd5 17. Bc4 Nb6 18. Nxc6 bxc6 19. Qc3 Qg5 20. h4 Bh2+ 21.
Kxh2 Qxh4+ 22. Kg1 Qg5 23. Bf1 Bb7 24. e4 c5 25. f3 a5 26. Rd6 Nc8 27. f4 Qg4
28. Be2 1-0

[Event "37. Open Barberá del Vallés 2014"]
[Site "Barberá del Vallés ESP"]
[Date "2014.07.05"]
[Round "2.2"]
[White "Hernando Rodrigo, Julio Antoni"]
[Black "Grigoryan, Karen H"]
[Result "1/2-1/2"]
[WhiteElo "2332"]
[BlackElo "2592"]
[PlyCount "117"]
[EventDate "2014.07.04"]
[EventType "swiss"]
[EventRounds "9"]
[EventCountry "ESP"]
[Source "lmi"]
[SourceDate "2014.07.04"]

1. d4 Nf6 2. c4 g6 3. Nc3 Bg7 4. Nf3 O-O 5. g3 c5 6. Bg2 cxd4 7. Nxd4 Nc6 8.
O-O Qa5 9. e3 d6 10. Nce2 Bd7 11. b3 Rfc8 12. Bb2 a6 13. Nf4 e5 14. Nxc6 Bxc6
15. Nd5 Nxd5 16. Bxd5 Bxd5 17. Qxd5 Qxd5 18. cxd5 e4 19. Bxg7 Kxg7 20. Rfd1 Rc5
21. Rd4 Re8 22. Rad1 f5 23. b4 Rc2 24. b5 a5 25. R1d2 Rec8 26. f3 exf3 27. Kf2
Kf6 28. Kxf3 Rxd2 29. Rxd2 Ke5 30. g4 Rc4 31. gxf5 Kxf5 32. b6 Ke5 33. Rd3 a4
34. Rd2 g5 35. h3 h6 36. Rd3 Rb4 37. Rd2 Rxb6 38. Rd4 Ra6 39. Kg4 b5 40. Kh5
Ra8 41. Rb4 Rf8 42. Kxh6 Rf3 43. Kxg5 Rxh3 44. Rxb5 Rxe3 45. Ra5 a3 46. Kg6 Kd4
47. Kf5 Kc4 48. Kf4 Rh3 49. Ke4 Kb4 50. Ra6 Rh6 51. Rb6+ Ka5 52. Rb3 Ka4 53.
Rb6 Rf6 54. Kd3 Ka5 55. Rb3 Rf3+ 56. Kc4 Rf4+ 57. Kc3 Rf3+ 58. Kc4 Rf4+ 59. Kc3
1/2-1/2

[Event "37. Open Barberá del Vallés 2014"]
[Site "Barberá del Vallés ESP"]
[Date "2014.07.05"]
[Round "2.3"]
[White "Aroshidze, Levan"]
[Black "Sos Andreu, Eric"]
[Result "1-0"]
[WhiteElo "2565"]
[BlackElo "2345"]
[PlyCount "53"]
[EventDate "2014.07.04"]
[EventType "swiss"]
[EventRounds "9"]
[EventCountry "ESP"]
[Source "lmi"]
[SourceDate "2014.07.04"]

1. e4 c6 2. d4 d5 3. e5 c5 4. dxc5 e6 5. Nf3 Bxc5 6. a3 Nc6 7. b4 Bb6 8. Bb2
Nge7 9. Bd3 Ng6 10. O-O Bc7 11. Re1 O-O 12. Nbd2 f6 13. exf6 gxf6 14. c4 Nce5
15. Bf1 dxc4 16. Nxe5 Nxe5 17. Nxc4 Nxc4 18. Bxc4 Bxh2+ 19. Kxh2 Qc7+ 20. Kg1
Qxc4 21. Rc1 Qf4 22. Re3 Qf5 23. Rg3+ Kh8 24. Qd6 Rg8 25. Rxg8+ Kxg8 26. Qd8+
Kg7 27. Rc7+ 1-0

[Event "37. Open Barberá del Vallés 2014"]
[Site "Barberá del Vallés ESP"]
[Date "2014.07.05"]
[Round "2.4"]
[White "Martinez Ramirez, Erik"]
[Black "Narciso Dublan, Marc"]
[Result "0-1"]
[WhiteElo "2324"]
[BlackElo "2523"]
[PlyCount "54"]
[EventDate "2014.07.04"]
[EventType "swiss"]
[EventRounds "9"]
[EventCountry "ESP"]
[Source "lmi"]
[SourceDate "2014.07.04"]

1. e4 d6 2. d4 Nf6 3. Nc3 g6 4. f4 Bg7 5. Nf3 O-O 6. e5 Nfd7 7. h4 c5 8. h5
cxd4 9. hxg6 dxc3 10. gxf7+ Rxf7 11. Bc4 e6 12. Ng5 cxb2 13. Bxb2 Qa5+ 14. c3
Nxe5 15. Qh5 Nbc6 16. Bxe6 Nd3+ 17. Kd2 Bxe6 18. Qxh7+ Kf8 19. Nxe6+ Ke7 20.
Nxg7 Nxf4 21. g3 Qd5+ 22. Kc2 Ng2 23. Rag1 Rg8 24. Kb1 Rgxg7 25. Qc2 Ne3 26.
Qe2 Qe4+ 27. Kc1 Ne5 0-1

[Event "37. Open Barberá del Vallés 2014"]
[Site "Barberá del Vallés ESP"]
[Date "2014.07.05"]
[Round "2.5"]
[White "Gomez Garrido, Camilo Ernesto"]
[Black "Leroy, Didier"]
[Result "0-1"]
[WhiteElo "2495"]
[BlackElo "2319"]
[PlyCount "116"]
[EventDate "2014.07.04"]
[EventType "swiss"]
[EventRounds "9"]
[EventCountry "ESP"]
[Source "lmi"]
[SourceDate "2014.07.04"]

1. e4 e5 2. Nf3 Nc6 3. Bb5 Nd4 4. Nxd4 exd4 5. O-O Bc5 6. d3 h5 7. Nd2 c6 8.
Bc4 d5 9. exd5 cxd5 10. Re1+ Ne7 11. Bb5+ Kf8 12. Nf3 Qa5 13. c4 dxc3 14. Ba4
Bg4 15. Bc2 Rc8 16. Rb1 Nf5 17. d4 Nxd4 18. b4 Bxf3 19. gxf3 Qxa2 20. bxc5 Nxc2
21. Rxb7 Nxe1 22. Qxe1 d4 23. c6 Qe6 24. Kf1 Qc4+ 25. Kg2 Kg8 26. c7 Rxc7 27.
Qe8+ Kh7 28. Qe4+ g6 29. Rxc7 Qxc7 30. Qxd4 Rd8 31. Qf6 Rd6 32. Qe5 Rc6 33. Qd4
c2 34. h4 f6 35. Qe3 Qg7 36. Qe4 Rc7 37. Qd3 Qf7 38. Qe3 Kg7 39. Kg3 Kg8 40.
Kg2 Qf8 41. Qf4 Qe7 42. Qd4 Qe5 43. Qd8+ Kh7 44. Qd2 Qf5 45. Qd6 Rf7 46. Qc6 g5
47. Qe8 Qd5 48. Qc8 Qd3 49. Qe8 Qb3 50. Qe4+ f5 51. Qc6 gxh4 52. Kh2 Qb6 53.
Qd5 Qxf2+ 54. Kh1 Qe1+ 55. Kh2 Qe7 56. Kh3 Qc7 57. Bf4 c1=Q 58. Bxc1 Qg3# 0-1

[Event "37. Open Barberá del Vallés 2014"]
[Site "Barberá del Vallés ESP"]
[Date "2014.07.05"]
[Round "2.6"]
[White "Gurevich, Daniel"]
[Black "Gonzalez Perez, Arian"]
[Result "1/2-1/2"]
[WhiteElo "2317"]
[BlackElo "2494"]
[PlyCount "85"]
[EventDate "2014.07.04"]
[EventType "swiss"]
[EventRounds "9"]
[EventCountry "ESP"]
[Source "lmi"]
[SourceDate "2014.07.04"]

1. e4 e6 2. d4 d5 3. exd5 exd5 4. Nf3 Bd6 5. c4 Nf6 6. Nc3 O-O 7. c5 Re8+ 8.
Be2 Bf8 9. Bg5 c6 10. O-O h6 11. Bh4 Nbd7 12. Re1 g5 13. Bg3 Nh5 14. Bd3 Rxe1+
15. Qxe1 Nxg3 16. fxg3 Bg7 17. Qf2 b6 18. Re1 Bb7 19. Bf5 Nf8 20. Ne5 Qc7 21.
Nd7 Nxd7 22. Re7 bxc5 23. dxc5 Qa5 24. Bxd7 Rf8 25. Bf5 Qb4 26. a3 Qc4 27. Ne2
Ba6 28. Bb1 f5 29. h3 d4 30. Rxg7+ Kxg7 31. Qxd4+ Kg6 32. g4 Qxe2 33. gxf5+ Kf7
34. Kh2 Bc4 35. Be4 Re8 36. Qd6 Qxe4 37. Qg6+ Ke7 38. Qd6+ Kf7 39. Qg6+ Kf8 40.
Qxh6+ Kg8 41. Qg6+ Kf8 42. Qh6+ Ke7 43. Qd6+ 1/2-1/2

[Event "37. Open Barberá del Vallés 2014"]
[Site "Barberá del Vallés ESP"]
[Date "2014.07.05"]
[Round "2.7"]
[White "Cruz, Jonathan"]
[Black "Sagar, Shah"]
[Result "0-1"]
[WhiteElo "2471"]
[BlackElo "2314"]
[PlyCount "70"]
[EventDate "2014.07.04"]
[EventType "swiss"]
[EventRounds "9"]
[EventCountry "ESP"]
[Source "lmi"]
[SourceDate "2014.07.04"]

1. c4 Nf6 2. g3 e5 3. Bg2 h6 4. Nf3 e4 5. Nd4 Nc6 6. Nc2 d5 7. O-O dxc4 8. Nc3
Bc5 9. Ne3 O-O 10. Nxc4 Bf5 11. b3 Qd7 12. Bb2 Rad8 13. Rc1 Bh3 14. Na4 Bxg2
15. Kxg2 Bd4 16. Ba3 Rfe8 17. Nc5 Bxc5 18. Bxc5 Ne5 19. Be3 b6 20. b4 Nd5 21.
Qb3 Qg4 22. Rfe1 Ng6 23. Kh1 Qh5 24. b5 Kh7 25. a3 f5 26. Bd4 f4 27. gxf4 Ndxf4
28. Qe3 Re7 29. Ne5 Rxe5 30. Bxe5 Qxe5 31. Rc6 Rd7 32. Rg1 Re7 33. a4 Qf5 34.
f3 exf3 35. Qxf3 Ne5 0-1